00406nam a22001577a 4500003000400000005001700004007001000021008003200031020001800063040003100081082001600112245004500128260001700173942004100190999001700231OSt20240705113807.0170 pages223 dt 3.7.2024 AO enterprises a9788183225434 aAO enterprisesbenglishc  a808.83bRAM aArt of Joyful LivingcSwami RamhMarathi bManjulc2015 2ddccBKh808.83iRAMk808.83mRAMn0 c36053d36053